000 01385nam a22002657a 4500
999 _c64669
_d64669
005 20240530110743.0
008 181108s2018 ua g b 000 0|ara d
017 _a2017/14554
_bمصر. دار الكتب
020 _a9789772122733
040 _aEG-CaGPL
_cEG-CaGPL
082 0 4 _221
_a953.09/
_bم ت
100 0 _aمحمود السيد
245 1 0 _aتاريخ وحضارة الدولة العثمانية :
_bاتساع الدولة فى اسيا وافريقيا - الحركات التحرية والاستعمار الاوروبى - الحرملك والسلاملك - مظاهر الحضارة الاسلامية - الضعف والتفكك /
_cمحمود السيد
260 _aالاسكندرية :
_bمؤسسة شباب الجامعة ،
_c2018.
300 _a239 ص. ؛
_c24 سم.
504 _aيشتمل على ارجاعات ببليوجرافية
650 0 7 _2qrmak
_aالامبراطورية العثمانية
650 0 7 _2qrmak
_aالامبراطورية العثمانية
_xسقوط
650 0 7 _2qrmak
_aالامبراطورية العثمانية
_xعصر الضعف
650 0 7 _2qrmak
_aالامبراطورية العثمانية
_xتاسيس
650 0 7 _2qrmak
_aالامبراطورية العثمانية فى اوربا
650 0 7 _2qrmak
_aالتاريخ الاسلامى
942 _2ddc
_cBK